Lo Siento REMIX - Milo Bvgatti, Maisak, Dalex - Estadísticas

Estadísticas generales
  • Esta prueba ha sido intentada 27 veces
  • La puntuación promedio es 154 de 365
Estadísticas de respuestas
Letra % Correcto
a
100%
con
100%
la
100%
las
100%
le
100%
lo
100%
los
100%
me
100%
mi
100%
perdí
100%
por
100%
qué
100%
que
100%
100
50%
ahora
50%
amo
50%
como
50%
conmigo
50%
contigo
50%
corazón
50%
de
50%
del
50%
di
50%
Dios
50%
e
50%
el
50%
este
50%
esto
50%
fue
50%
fui
50%
hablé
50%
hago
50%
más
50%
no
50%
para
50%
quieres
50%
quise
50%
respondió
50%
50%
se
50%
si
50%
Si
50%
siento
50%
Te
50%
te
50%
ti
50%
tiempo
50%
tu
50%
50%
un
50%
va
50%
vi
50%
volver
50%
y
50%
ya
50%
Yo
50%
yo
50%
alejas
0%
amor
0%
así
0%
aunque
0%
Ayer
0%
Baby
0%
borre
0%
borré
0%
cabellos
0%
cambiar
0%
casi
0%
chiste
0%
cicatrices
0%
coloco
0%
confianza
0%
corazones
0%
cuenta
0%
cuesta
0%
culpa
0%
da
0%
daba
0%
dejan
0%
dentro
0%
despecho
0%
devuelvo
0%
dicen
0%
dices
0%
dieron
0%
digas
0%
Dime
0%
dime
0%
duele
0%
eras
0%
eres
0%
eso
0%
estás
0%
explicarme
0%
favorita
0%
felices
0%
finales
0%
fríos
0%
fueron
0%
fuiste
0%
gente
0%
grises
0%
había
0%
han
0%
hay
0%
herida
0%
heridas
0%
hijo
0%
hijueputa
0%
iguales
0%
importa
0%
importo
0%
injusta
0%
jodido
0%
jodiste
0%
Juro
0%
loquita
0%
matarme
0%
momento
0%
muchas
0%
nada
0%
nosotros
0%
nunca
0%
olvídala
0%
pasado
0%
pasó
0%
pecho
0%
pero
0%
Pero
0%
pesa
0%
porque
0%
preguntas
0%
pregunté
0%
pu
0%
pueda
0%
puta
0%
quedarme
0%
quedé
0%
quisiera
0%
reales
0%
redes
0%
respuestas
0%
ríe
0%
roto
0%
sanan
0%
sanar
0%
ser
0%
siempre
0%
sin
0%
somos
0%
sonrío
0%
soy
0%
supieras
0%
tanto
0%
tatuajes
0%
todo
0%
todos
0%
tus
0%
única
0%
vale
0%
vida
0%
volvi
0%
voy
0%
vuelta
0%
No se encontraron pruebas coincidentes
Distribución de puntuación
Porcentaje de gente con cada puntuación
Porcentaje por número respondido
Historial de tus puntuaciones
No has intentado esta prueba.